<?xml version="1.0" encoding="UTF-8"?>
<collection xmlns="http://www.loc.gov/MARC21/slim">
 <record>
  <leader>04941cam a2200829 cb4500</leader>
  <controlfield tag="001">1394819838</controlfield>
  <controlfield tag="003">DE-627</controlfield>
  <controlfield tag="005">20260225222724.0</controlfield>
  <controlfield tag="007">cr cn 008aaaaa</controlfield>
  <controlfield tag="008">100621s2000    xx |||||om    00| ||ger c</controlfield>
  <datafield tag="024" ind1="7" ind2=" ">
   <subfield code="a">urn:nbn:de:bsz:16-diglit-45747</subfield>
   <subfield code="2">urn</subfield>
  </datafield>
  <datafield tag="024" ind1="7" ind2=" ">
   <subfield code="a">urn:nbn:de:bsz:16-artdok-12767</subfield>
   <subfield code="2">urn</subfield>
  </datafield>
  <datafield tag="024" ind1="7" ind2=" ">
   <subfield code="a">10.11588/diglit.4574</subfield>
   <subfield code="2">doi</subfield>
  </datafield>
  <datafield tag="024" ind1="7" ind2=" ">
   <subfield code="a">10.11588/artdok.00001276</subfield>
   <subfield code="2">doi</subfield>
  </datafield>
  <datafield tag="035" ind1=" " ind2=" ">
   <subfield code="a">(DE-627)1394819838</subfield>
  </datafield>
  <datafield tag="035" ind1=" " ind2=" ">
   <subfield code="a">(DE-576)324819838</subfield>
  </datafield>
  <datafield tag="035" ind1=" " ind2=" ">
   <subfield code="a">(DE-599)BSZ324819838</subfield>
  </datafield>
  <datafield tag="035" ind1=" " ind2=" ">
   <subfield code="a">(OCoLC)699690051</subfield>
  </datafield>
  <datafield tag="035" ind1=" " ind2=" ">
   <subfield code="a">(OCoLC)699690051</subfield>
  </datafield>
  <datafield tag="040" ind1=" " ind2=" ">
   <subfield code="a">DE-627</subfield>
   <subfield code="b">ger</subfield>
   <subfield code="c">DE-627</subfield>
   <subfield code="e">rakwb</subfield>
  </datafield>
  <datafield tag="041" ind1=" " ind2=" ">
   <subfield code="a">ger</subfield>
  </datafield>
  <datafield tag="082" ind1="0" ind2=" ">
   <subfield code="a">704.9436</subfield>
   <subfield code="q">SEPA</subfield>
  </datafield>
  <datafield tag="084" ind1=" " ind2=" ">
   <subfield code="a">9,10</subfield>
   <subfield code="2">ssgn</subfield>
  </datafield>
  <datafield tag="084" ind1=" " ind2=" ">
   <subfield code="a">LO 34300</subfield>
   <subfield code="2">rvk</subfield>
   <subfield code="0">(DE-625)rvk/103087:</subfield>
  </datafield>
  <datafield tag="084" ind1=" " ind2=" ">
   <subfield code="a">LO 34810</subfield>
   <subfield code="2">rvk</subfield>
   <subfield code="0">(DE-625)rvk/103143:</subfield>
  </datafield>
  <datafield tag="084" ind1=" " ind2=" ">
   <subfield code="a">LH 71430</subfield>
   <subfield code="2">rvk</subfield>
   <subfield code="0">(DE-625)rvk/94877:</subfield>
  </datafield>
  <datafield tag="084" ind1=" " ind2=" ">
   <subfield code="a">20.05</subfield>
   <subfield code="2">bkl</subfield>
  </datafield>
  <datafield tag="084" ind1=" " ind2=" ">
   <subfield code="a">20.22</subfield>
   <subfield code="2">bkl</subfield>
  </datafield>
  <datafield tag="084" ind1=" " ind2=" ">
   <subfield code="a">74.31</subfield>
   <subfield code="2">bkl</subfield>
  </datafield>
  <datafield tag="100" ind1="1" ind2=" ">
   <subfield code="a">Büttner, Nils</subfield>
   <subfield code="d">1967-</subfield>
   <subfield code="0">(DE-588)122160746</subfield>
   <subfield code="0">(DE-627)081772963</subfield>
   <subfield code="0">(DE-576)171381475</subfield>
   <subfield code="4">aut</subfield>
  </datafield>
  <datafield tag="245" ind1="1" ind2="4">
   <subfield code="a">Die Erfindung der Landschaft</subfield>
   <subfield code="b">Kosmographie und Landschaftskunst im Zeitalter Bruegels</subfield>
   <subfield code="c">Nils Büttner</subfield>
  </datafield>
  <datafield tag="264" ind1=" " ind2="1">
   <subfield code="a">Göttingen</subfield>
   <subfield code="b">Vandenhoeck &amp; Ruprecht</subfield>
   <subfield code="c">2000</subfield>
  </datafield>
  <datafield tag="300" ind1=" " ind2=" ">
   <subfield code="a">348 S.</subfield>
   <subfield code="b">Ill.</subfield>
  </datafield>
  <datafield tag="336" ind1=" " ind2=" ">
   <subfield code="a">Text</subfield>
   <subfield code="b">txt</subfield>
   <subfield code="2">rdacontent</subfield>
  </datafield>
  <datafield tag="337" ind1=" " ind2=" ">
   <subfield code="a">Computermedien</subfield>
   <subfield code="b">c</subfield>
   <subfield code="2">rdamedia</subfield>
  </datafield>
  <datafield tag="338" ind1=" " ind2=" ">
   <subfield code="a">Online-Ressource</subfield>
   <subfield code="b">cr</subfield>
   <subfield code="2">rdacarrier</subfield>
  </datafield>
  <datafield tag="490" ind1="1" ind2=" ">
   <subfield code="a">Schriften von Nils Büttner</subfield>
   <subfield code="v">6</subfield>
  </datafield>
  <datafield tag="490" ind1="1" ind2=" ">
   <subfield code="a">Rekonstruktion der Künste</subfield>
   <subfield code="v">1</subfield>
  </datafield>
  <datafield tag="502" ind1=" " ind2=" ">
   <subfield code="a">Vollst. zugl.: Göttingen, Univ., Diss., 1998/99. - Gekürzte Fassung</subfield>
  </datafield>
  <datafield tag="533" ind1=" " ind2=" ">
   <subfield code="a">Online-Ausg.</subfield>
   <subfield code="b">Heidelberg</subfield>
   <subfield code="c">Univ.-Bibl.</subfield>
   <subfield code="d">2010</subfield>
   <subfield code="e">Online-Ressource</subfield>
   <subfield code="f">Heidelberger historische Bestände - digital</subfield>
   <subfield code="7">|2010||||||||||</subfield>
  </datafield>
  <datafield tag="583" ind1="1" ind2=" ">
   <subfield code="a">Archivierung/Langzeitarchivierung gewährleistet</subfield>
   <subfield code="x">XA-DE-BW</subfield>
   <subfield code="2">pdager</subfield>
   <subfield code="5">DE-16</subfield>
  </datafield>
  <datafield tag="648" ind1=" " ind2="4">
   <subfield code="a">Geschichte 1550-1600</subfield>
  </datafield>
  <datafield tag="650" ind1=" " ind2="4">
   <subfield code="a">Geschichte 1550,ca. -1600,ca.</subfield>
  </datafield>
  <datafield tag="655" ind1=" " ind2="7">
   <subfield code="a">Hochschulschrift</subfield>
   <subfield code="0">(DE-588)4113937-9</subfield>
   <subfield code="0">(DE-627)105825778</subfield>
   <subfield code="0">(DE-576)209480580</subfield>
   <subfield code="2">gnd-content</subfield>
  </datafield>
  <datafield tag="689" ind1="0" ind2="0">
   <subfield code="d">g</subfield>
   <subfield code="0">(DE-588)4042203-3</subfield>
   <subfield code="0">(DE-627)104400765</subfield>
   <subfield code="0">(DE-576)209049030</subfield>
   <subfield code="a">Niederlande</subfield>
   <subfield code="2">gnd</subfield>
  </datafield>
  <datafield tag="689" ind1="0" ind2="1">
   <subfield code="d">s</subfield>
   <subfield code="0">(DE-588)4114355-3</subfield>
   <subfield code="0">(DE-627)105822795</subfield>
   <subfield code="0">(DE-576)20948392X</subfield>
   <subfield code="a">Landschaftsmalerei</subfield>
   <subfield code="2">gnd</subfield>
  </datafield>
  <datafield tag="689" ind1="0" ind2="2">
   <subfield code="a">z</subfield>
   <subfield code="2">gnd</subfield>
   <subfield code="a">Geschichte 1550-1600</subfield>
  </datafield>
  <datafield tag="689" ind1="0" ind2=" ">
   <subfield code="5">(DE-627)</subfield>
  </datafield>
  <datafield tag="751" ind1=" " ind2=" ">
   <subfield code="a">Göttingen</subfield>
   <subfield code="0">(DE-588)4021477-1</subfield>
   <subfield code="0">(DE-627)106313819</subfield>
   <subfield code="0">(DE-576)20893815X</subfield>
   <subfield code="4">uvp</subfield>
  </datafield>
  <datafield tag="776" ind1="0" ind2="8">
   <subfield code="i">Erscheint auch als</subfield>
   <subfield code="n">Druck-Ausgabe</subfield>
   <subfield code="a">Büttner, Nils, 1967 - </subfield>
   <subfield code="t">Die Erfindung der Landschaft</subfield>
   <subfield code="d">Göttingen : Vandenhoeck und Ruprecht, 2000</subfield>
   <subfield code="h">348 S.</subfield>
   <subfield code="w">(DE-627)309032431</subfield>
   <subfield code="w">(DE-576)083798412</subfield>
   <subfield code="z">352547900X</subfield>
  </datafield>
  <datafield tag="787" ind1="0" ind2="8">
   <subfield code="i">Rezensiert in</subfield>
   <subfield code="a">Sander, Jochen, 1958 - </subfield>
   <subfield code="t">[Rezension von: Nils Büttner, Die Erfindung der Landschaft]</subfield>
   <subfield code="d">2000</subfield>
   <subfield code="w">(DE-627)1921646209</subfield>
  </datafield>
  <datafield tag="800" ind1="1" ind2=" ">
   <subfield code="a">Büttner, Nils</subfield>
   <subfield code="d">1967-</subfield>
   <subfield code="t">Schriften von Nils Büttner.</subfield>
   <subfield code="v">6</subfield>
   <subfield code="9">6</subfield>
   <subfield code="w">(DE-627)1389392198</subfield>
   <subfield code="w">(DE-576)319392198</subfield>
   <subfield code="7">am</subfield>
  </datafield>
  <datafield tag="830" ind1=" " ind2="0">
   <subfield code="a">Rekonstruktion der Künste</subfield>
   <subfield code="v">1</subfield>
   <subfield code="9">1,onl</subfield>
   <subfield code="w">(DE-627)345200934</subfield>
   <subfield code="w">(DE-576)085265632</subfield>
   <subfield code="w">(DE-600)2074854-1</subfield>
   <subfield code="x">2198-445X</subfield>
   <subfield code="7">am</subfield>
  </datafield>
  <datafield tag="856" ind1="4" ind2="0">
   <subfield code="u">http://nbn-resolving.de/urn:nbn:de:bsz:16-artdok-12767</subfield>
   <subfield code="q">application/pdf</subfield>
   <subfield code="x">Resolving-System</subfield>
   <subfield code="z">kostenfrei</subfield>
   <subfield code="3">Volltext</subfield>
   <subfield code="7">0</subfield>
  </datafield>
  <datafield tag="856" ind1="4" ind2="0">
   <subfield code="u">http://digi.ub.uni-heidelberg.de/diglit/buettner2000</subfield>
   <subfield code="x">Digitalisierung</subfield>
   <subfield code="x">Langzeitarchivierung</subfield>
   <subfield code="z">kostenfrei</subfield>
   <subfield code="3">Volltext</subfield>
   <subfield code="7">0</subfield>
  </datafield>
  <datafield tag="856" ind1="4" ind2="2">
   <subfield code="u">https://swbplus.bsz-bw.de/bsz083798412rez.htm</subfield>
   <subfield code="m">V:DE-576</subfield>
   <subfield code="v">2005-09-15</subfield>
   <subfield code="3">Rezension</subfield>
   <subfield code="7">1</subfield>
  </datafield>
  <datafield tag="935" ind1=" " ind2=" ">
   <subfield code="h">SWB</subfield>
   <subfield code="i">ld</subfield>
  </datafield>
  <datafield tag="936" ind1="r" ind2="v">
   <subfield code="a">LO 34300</subfield>
   <subfield code="b">Landschaft</subfield>
   <subfield code="k">Kunstgeschichte</subfield>
   <subfield code="k">Kunst nach Ländern bzw. Kontinenten</subfield>
   <subfield code="k">Holland, Belgien, Luxemburg (im folgenden als Niederlande bezeichnet)</subfield>
   <subfield code="k">Niederländische Kunstgeschichte nach Gattungen</subfield>
   <subfield code="k">Malerei</subfield>
   <subfield code="k">Gegenstände (Darstellungen nichtikonographischen Charakters)</subfield>
   <subfield code="k">Landschaft</subfield>
   <subfield code="0">(DE-627)1270700367</subfield>
   <subfield code="0">(DE-625)rvk/103087:</subfield>
   <subfield code="0">(DE-576)200700367</subfield>
  </datafield>
  <datafield tag="936" ind1="r" ind2="v">
   <subfield code="a">LO 34810</subfield>
   <subfield code="b">Landschaft</subfield>
   <subfield code="k">Kunstgeschichte</subfield>
   <subfield code="k">Kunst nach Ländern bzw. Kontinenten</subfield>
   <subfield code="k">Holland, Belgien, Luxemburg (im folgenden als Niederlande bezeichnet)</subfield>
   <subfield code="k">Niederländische Kunstgeschichte nach Gattungen</subfield>
   <subfield code="k">Zeichnung und Grafik</subfield>
   <subfield code="k">Gegenstände der Zeichnung, Grafik (nicht statisch-ikonographischer Art)</subfield>
   <subfield code="k">Landschaft</subfield>
   <subfield code="0">(DE-627)127120102X</subfield>
   <subfield code="0">(DE-625)rvk/103143:</subfield>
   <subfield code="0">(DE-576)20120102X</subfield>
  </datafield>
  <datafield tag="936" ind1="r" ind2="v">
   <subfield code="a">LH 71430</subfield>
   <subfield code="b">Landschaft</subfield>
   <subfield code="k">Kunstgeschichte</subfield>
   <subfield code="k">Allgemeines. Allgemeine Kunstgeschichte</subfield>
   <subfield code="k">Kunstgeschichte einzelner Gattungen der Kunst</subfield>
   <subfield code="k">Zeichnung und Grafik</subfield>
   <subfield code="k">Gegenstände der Zeichnung, Grafik (nicht statisch-ikonographischer Art)</subfield>
   <subfield code="k">Landschaft</subfield>
   <subfield code="0">(DE-627)1271108232</subfield>
   <subfield code="0">(DE-625)rvk/94877:</subfield>
   <subfield code="0">(DE-576)201108232</subfield>
  </datafield>
  <datafield tag="936" ind1="b" ind2="k">
   <subfield code="a">20.05</subfield>
   <subfield code="j">Kunst in Beziehung zu anderen Wissenschaftsgebieten</subfield>
   <subfield code="q">SEPA</subfield>
   <subfield code="0">(DE-627)106415824</subfield>
  </datafield>
  <datafield tag="936" ind1="b" ind2="k">
   <subfield code="a">20.22</subfield>
   <subfield code="j">Natur</subfield>
   <subfield code="x">Ikonographie</subfield>
   <subfield code="q">SEPA</subfield>
   <subfield code="0">(DE-627)106406345</subfield>
  </datafield>
  <datafield tag="936" ind1="b" ind2="k">
   <subfield code="a">74.31</subfield>
   <subfield code="j">Geschichte der Kartographie</subfield>
   <subfield code="q">SEPA</subfield>
   <subfield code="0">(DE-627)106412027</subfield>
  </datafield>
  <datafield tag="936" ind1="s" ind2="n">
   <subfield code="a">l300</subfield>
   <subfield code="2">mzub</subfield>
  </datafield>
  <datafield tag="951" ind1=" " ind2=" ">
   <subfield code="a">MV</subfield>
  </datafield>
  <datafield tag="994" ind1=" " ind2=" ">
   <subfield code="u">http://archiv.ub.uni-heidelberg.de/artdok/1276/</subfield>
  </datafield>
  <datafield tag="994" ind1=" " ind2=" ">
   <subfield code="u">https://digi.ub.uni-heidelberg.de/diglit/buettner2000/download.pdf</subfield>
  </datafield>
  <datafield tag="990" ind1=" " ind2=" ">
   <subfield code="a">Niederlande</subfield>
  </datafield>
  <datafield tag="990" ind1=" " ind2=" ">
   <subfield code="a">Landschaftsmalerei</subfield>
  </datafield>
  <datafield tag="990" ind1=" " ind2=" ">
   <subfield code="a">Geschichte 1550-1600</subfield>
  </datafield>
  <datafield tag="991" ind1=" " ind2=" ">
   <subfield code="a">Rezensiertes Werk</subfield>
  </datafield>
  <datafield tag="999" ind1=" " ind2=" ">
   <subfield code="a">KXP-PPN1394819838</subfield>
   <subfield code="e">4927459284</subfield>
  </datafield>
 </record>
</collection>
